00443 2200169 4500001002100000005001700021008004100038035002400079082000800103090001400111100001600125245003300141260004400174300002500218650001800243990001200261YOGYA-0412000000029620120422181607.0 ind  0010-041200000000296 a823 a823 Bau T aBAUM, Vicki aA Tale from Bali/ Vicki Baum aJakartabOxford University Pressc21 cm axxxi, 460 hlmc21 cm aFiksi Inggris a13588-b